[Event "WSTCC-50 2024"]
[Site "Krakow"]
[Date "2024.07.11"]
[Round "9.20"]
[White "Schutte, Andre"]
[Black "Cholewa, Dorota"]
[Result "1-0"]
[WhiteElo "1817"]
[BlackElo "1530"]
[Annotator "NA RC"]
[PlyCount "91"]
[EventDate "2024.07.01"]
[EventType "team-tourn"]
[EventCountry "POL"]
[SourceTitle "playchess.com"]
[Source "ChessBase"]
[SourceQuality "1"]

1. c4 Nf6 2. Nc3 d5 3. d4 g6 4. e3 Bg7 5. Nf3 O-O 6. Qb3 c6 7. Bd2 Na6 8. Be2 Rb8 9. cxd5 Bg4 10. dxc6 Bxf3 11. Bxf3 bxc6 12. Qa4 Rb6 13. Rb1 Qc8 14. O-O Re8 15. Rfc1 Nb4 16. a3 Nd3 17. Rc2 e5 18. d5 c5 19. Qc4 e4 20. Nxe4 Ne5 21. Nxf6+ Bxf6 22. Qe2 c4 23. Bc3 Nd3 24. Bxf6 Rxf6 25. b3 Qb8 26. Rxc4 Ne5 27. Rf4 Rxf4 28. exf4 Nxf3+ 29. Qxf3 Qd6 30. b4 a6 31. g3 f5 32. Rc1 Re4 33. Qd3 Kg7 34. Kg2 Kh6 35. Rc6 Qf8 36. d6 Qa8 37. Qd5 Qa7 38. Qc5 Qf7 39. Rc7 Qa2 40. Qa7 Qg8 41. Qxa6 Qd5 42. Qb7 Rd4+ 43. Qxd5 Rxd5 44. d7 Rd2 45. b5 Rd6 46. b6 1-0

[Event "WSTCC-50 2024"]
[Site "Krakow"]
[Date "2024.07.11"]
[Round "9.21"]
[White "Delaney, John"]
[Black "Belakovskaia, Anjelina"]
[Result "1/2-1/2"]
[WhiteElo "2167"]
[BlackElo "2171"]
[Annotator "RC"]
[PlyCount "34"]
[EventDate "2024.07.01"]
[EventType "team-tourn"]
[EventCountry "POL"]
[SourceTitle "playchess.com"]
[Source "ChessBase"]
[SourceQuality "1"]

1. e4 c6 2. d4 d5 3. Nc3 dxe4 4. Nxe4 Nf6 5. Nxf6+ exf6 6. c3 Bd6 7. Bd3 O-O 8. Qc2 h6 9. Ne2 Qc7 10. Be3 Re8 11. O-O-O b5 12. h4 h5 13. Rde1 Be6 14. g4 hxg4 15. h5 Nd7 16. Rhg1 Qa5 17. a3 Nb6 1/2-1/2

[Event "WSTCC-50 2024"]
[Site "Krakow"]
[Date "2024.07.11"]
[Round "9.21"]
[White "Osiecki, Stanislaw"]
[Black "Mertens, Marc"]
[Result "1/2-1/2"]
[WhiteElo "1986"]
[BlackElo "2142"]
[Annotator "RC"]
[PlyCount "47"]
[EventDate "2024.07.01"]
[EventType "team-tourn"]
[EventCountry "POL"]
[SourceTitle "playchess.com"]
[Source "ChessBase"]
[SourceQuality "1"]

1. e4 c5 2. c3 Nf6 3. e5 Nd5 4. d4 cxd4 5. Nf3 e6 6. cxd4 d6 7. a3 Bd7 8. Bd3 Bc6 9. O-O Nd7 10. b4 a6 11. Re1 Rc8 12. Qe2 Be7 13. Bd2 Qb6 14. h4 Bb5 15. Bxb5 axb5 16. Qe4 Rc4 17. exd6 N7f6 18. d7+ Nxd7 19. Bg5 N7f6 20. Bxf6 Nxf6 21. Qe2 O-O 22. Nbd2 Rc3 23. Rec1 Rfc8 24. Nb3 1/2-1/2

[Event "WSTCC-50 2024"]
[Site "Krakow"]
[Date "2024.07.11"]
[Round "9.22"]
[White "Marinello, Beatriz"]
[Black "McHugh, Kevin"]
[Result "1/2-1/2"]
[WhiteElo "2109"]
[BlackElo "1938"]
[Annotator "RC"]
[PlyCount "64"]
[EventDate "2024.07.01"]
[EventType "team-tourn"]
[EventCountry "POL"]
[SourceTitle "playchess.com"]
[Source "ChessBase"]
[SourceQuality "1"]

1. d4 Nf6 2. Nf3 g6 3. e3 Bg7 4. Be2 O-O 5. O-O d5 6. b3 Ne4 7. Bb2 c5 8. Ne5 Qc7 9. c4 dxc4 10. Bxc4 Nd6 11. Bd3 Bf5 12. Nc3 cxd4 13. exd4 Nd7 14. Rc1 Qd8 15. Re1 Rc8 16. Bf1 Nf6 17. Qf3 Rc7 18. g4 Bc8 19. Bg2 h5 20. g5 Ng4 21. h3 Nxe5 22. dxe5 Nf5 23. Qf4 Be6 24. Ne4 b6 25. Ba3 Qd7 26. Rcd1 Qc8 27. Ng3 Nxg3 28. Qxg3 Rd8 29. Qe3 Rdd7 30. Rc1 Rxc1 31. Rxc1 Qd8 32. Bf1 Bd5 1/2-1/2

[Event "WSTCC-50 2024"]
[Site "Krakow"]
[Date "2024.07.11"]
[Round "9.22"]
[White "Haensel, Jean-Marie"]
[Black "Sielicki, Tomasz"]
[Result "0-1"]
[WhiteElo "1868"]
[BlackElo "2017"]
[Annotator "RC"]
[PlyCount "70"]
[EventDate "2024.07.01"]
[EventType "team-tourn"]
[EventCountry "POL"]
[SourceTitle "playchess.com"]
[Source "ChessBase"]
[SourceQuality "1"]

1. d4 d5 2. c4 e6 3. Nc3 c5 4. cxd5 exd5 5. Nf3 Nc6 6. g3 Nf6 7. Bg2 cxd4 8. Nxd4 Bc5 9. Nb3 Bb6 10. O-O d4 11. Nb5 O-O 12. Bxc6 bxc6 13. N5xd4 Ba6 14. Re1 c5 15. Nf3 Qxd1 16. Rxd1 Bxe2 17. Bg5 Bxf3 18. Rdc1 Rac8 19. Nd2 Bd5 20. h3 c4 21. a3 Ne4 22. Nxe4 Bxe4 23. Bd2 Rfe8 24. Bc3 f6 25. Re1 Kf7 26. Rad1 Bd3 27. Kg2 Rxe1 28. Rxe1 Re8 29. Rxe8 Kxe8 30. g4 Kf7 31. Kg3 Ke6 32. g5 Bc7+ 33. Kf3 Be5 34. gxf6 Bxc3 35. bxc3 Kxf6 0-1

[Event "WSTCC-50 2024"]
[Site "Krakow"]
[Date "2024.07.11"]
[Round "9.23"]
[White "Flis, Pawel"]
[Black "Kohnen, Marc"]
[Result "1-0"]
[WhiteElo "1980"]
[BlackElo "1837"]
[Annotator "RC"]
[PlyCount "59"]
[EventDate "2024.07.01"]
[EventType "team-tourn"]
[EventCountry "POL"]
[SourceTitle "playchess.com"]
[Source "ChessBase"]
[SourceQuality "1"]

1. e4 e6 2. d4 d5 3. Bd3 dxe4 4. Bxe4 Nf6 5. Bf3 Nc6 6. Ne2 e5 7. Bxc6+ bxc6 8. O-O e4 9. h3 Bd6 10. Nbc3 O-O 11. Bg5 Re8 12. Qd2 h6 13. Bh4 g5 14. Bg3 Nh5 15. h4 Nxg3 16. fxg3 e3 17. Qe1 Bg4 18. d5 c5 19. Rd1 Rb8 20. b3 Be5 21. Rd3 Bxc3 22. Nxc3 e2 23. Rf2 Qe7 24. d6 cxd6 25. Nd5 Qe5 26. Nf6+ Kh8 27. Nxg4 Qe6 28. Nf6 Re7 29. Nd5 Ree8 30. Nc7 1-0

[Event "WSTCC-50 2024"]
[Site "Krakow"]
[Date "2024.07.11"]
[Round "9.24"]
[White "Kayser, Pierrot"]
[Black "Zielinski, Olgierd"]
[Result "0-1"]
[WhiteElo "1764"]
[BlackElo "1913"]
[Annotator "RC"]
[PlyCount "68"]
[EventDate "2024.07.01"]
[EventType "team-tourn"]
[EventCountry "POL"]
[SourceTitle "playchess.com"]
[Source "ChessBase"]
[SourceQuality "1"]

1. d4 c5 2. Nf3 cxd4 3. Nxd4 d5 4. Bf4 f6 5. Bg3 e5 6. Nf3 Nc6 7. e3 Bg4 8. Be2 Nh6 9. h3 Be6 10. Nbd2 Qb6 11. Nb3 a5 12. a4 Nf5 13. Bh2 Bb4+ 14. Nfd2 O-O 15. c3 Be7 16. Bg4 Rad8 17. Qe2 Kh8 18. Qb5 Qc7 19. Bxf5 Bxf5 20. Nf3 b6 21. Nbd4 Nxd4 22. exd4 Bd7 23. Qb3 Bd6 24. dxe5 fxe5 25. O-O-O e4 26. Bxd6 Qxd6 27. Rxd5 Qf4+ 28. Nd2 Be6 29. Rxd8 Bxb3 30. Rxf8+ Qxf8 31. Nxb3 Qxf2 32. Rd1 h6 33. Rd2 Qf1+ 34. Kc2 e3 0-1